000 01094cam a22002651i 4500
003 SA-RiAUC
005 20250716072116.0
008 250716s1978 sy g 000 0 ara c
040 _aEG-CaDAJ
_bara
_cSA-RiAUC
_erda
043 _aa-su---
082 0 4 _a215.1
_qSA-RiAUC
090 _a215.1
_b ع ط ا
100 1 _aعطار، أحمد بن عبد الغفور بن محمد نور،
_d1337-1411 هجري
_eمؤلف.
245 1 0 _aبناء الكعبة على قواعد إبراهيم فريضة إسلامية وواجب ديني مقدس /
_cأحمد عبد الغفور عطار.
264 1 _a[مكان النشر غير محدد] :
_b[الناشر غير محدد]،
_c1978
264 3 _aدمشق :
_bمطبعة الإحسان
300 _a132 صفحة ؛
_c20 سم
336 _aنص
_btxt
_2rdacontent
_3كتاب
337 _aبدون وسيط
_bn
_2rdamedia
338 _aمجلد
_bnc
_2rdacarrier
610 2 7 _aالمسجد الحرام
_xتاريخ
_2aucnm
650 7 _aالكعبة
_xتاريخ
_2aucsh
942 _2ddc
_cBOOK
_n0
949 _aSA-JeALM
_d250716
_umohamedma123
_n1
999 _c9995
_d9995